| 000 | 00699nam a2200241 a 4500 | ||
|---|---|---|---|
| 001 | BRCA_7828 | ||
| 005 | 20190320210020.0 | ||
| 008 | 011113s1961----mx-ae#####---#000-0#spa-# | ||
| 041 | _aspa | ||
| 044 | _amx | ||
| 050 | 4 |
_aF1391.T4 _b.O27 1961 |
|
| 100 | 1 |
_aObregón, Gonzalo _9811 |
|
| 245 | 1 | 0 |
_aTepotzotlán _bGuía oficial _cpor Gonzalo Obregón. |
| 260 |
_aMéxico _bINAH _c1961 |
||
| 300 |
_a32 p. _bil., planos _c20 cm. |
||
| 500 | _aY26 | ||
| 650 | 1 | 4 |
_aArte _zTepotzotlán, México (Estado) _917415 |
| 650 | 1 | 4 |
_aConventos y monasterios _zMéxico _99892 |
| 650 | 1 | 4 |
_aArte colonial _97904 |
| 651 | 4 |
_aTepotzotlán, México (Estado) _xDescripción _917416 |
|
| 902 | _aGFM | ||
| 942 |
_2lcc _cB |
||
| 999 |
_c7502 _d7502 |
||